| 000 | 01281nam a22002057a 4500 | ||
|---|---|---|---|
| 003 | BD-DhUL | ||
| 005 | 20240129140956.0 | ||
| 008 | 240129s2022 bg a|||| mb|| 000 0 ben d | ||
| 040 |
_aBD-DhUL _cBD-DhUL |
||
| 082 |
_a320.95492 _bAKE |
||
| 100 | 1 | _aআকতার, শামীমা | |
| 245 | 0 |
_a১৯৮২-১৯৯০ সময়কালে বাংলাদেশের রাজনৈতিক অবস্থান : _bবেসামরিকীকরণ ও গণতন্ত্রায়ণের চ্যালেঞ্জ : [এমফিল অভিসন্দর্ভ] / _cশামীমা আকতার। |
|
| 260 |
_aঢাকা : _bঢাকা বিশ্ববিদ্যালয়, _c২০২২। |
||
| 300 |
_aviii, ১২৪ পৃ. : _bচিত্র ; _c২৯ সেমি. |
||
| 504 | _aগ্রন্থপঞ্জিগত তথ্য সংবলিত। | ||
| 505 | _aঅভিসন্দর্ভ (এমফিল)--রাষ্ট্রবিজ্ঞান বিভাগ, ঢাকা বিশ্ববিদ্যালয়, ২০২২। | ||
| 651 | 4 |
_aবাংলাদেশ _xরাজনীতি ও সরকার। |
|
| 651 | 4 |
_aBangladesh _xPolitics and government. |
|
| 942 |
_2ddc _cREF |
||
| 999 |
_c258968 _d258968 |
||